| 000 | 00903cam a22003011 4500 | ||
|---|---|---|---|
| 001 | 1558165 | ||
| 003 | ARRUPE | ||
| 005 | 20150113124525.0 | ||
| 008 | 721219s1963 nyua b 000 0 eng | ||
| 010 | _a 62015149 /L | ||
| 015 | _aGB63-8492 | ||
| 035 | _a(OCoLC)ocm00528825 | ||
| 035 | _a(NNC)1558165 | ||
| 040 |
_aDLC _cDLC _dUKM _dZCU |
||
| 050 | 0 |
_aQA611 _b.S49 |
|
| 082 | _a513.83 | ||
| 100 | 1 |
_aSimmons, George Finlay, _d1925- _913786 |
|
| 245 | 0 | 0 | _aIntroduction to topology and modern analysis. |
| 260 |
_aNew York, _bMcGraw-Hill _c[1963] |
||
| 300 |
_a372 p. _billus. _c24 cm. |
||
| 490 | 1 | _aInternational series in pure and applied mathematics | |
| 504 | _aIncludes bibliography. | ||
| 650 | 0 |
_aTopology. _913787 |
|
| 650 | 0 |
_aMathematical analysis. _913788 |
|
| 830 | 0 |
_aInternational series in pure and applied mathematics. _913789 |
|
| 942 |
_2lcc _cMONOGRAPH |
||
| 999 |
_c121610 _d121610 |
||